Верховное командование 1914-1916 годов в его важнейших решениях (Запись № 10474994)

Подробности
000 -МАРКЕР
контрольное поле 02400nam0a2200421 i 4500
001 - ИДЕНТИФИКАТОР ЗАПИСИ
контрольное поле RU\NLR\BIBL_A\010584234
005 - ИДЕНТИФИКАТОР ВЕРСИИ
контрольное поле 20241105142320.0
010 ## - МЕЖДУНАРОДНЫЙ СТАНДАРТНЫЙ НОМЕР КНИГИ (ISBN)
Номер (ISBN) 9785995004363
Тираж 2000
021 ## - НОМЕР ГОСУДАРСТВЕННОЙ РЕГИСТРАЦИИ
Код страны Российская Федерация
Номер 2014-86738
Номер Листа государственной регистраци 5277
035 ## - ДРУГИЕ СИСТЕМНЫЕ НОМЕРА
Идентификатор записи (NILC)RuMoRGB-007826145
035 ## - ДРУГИЕ СИСТЕМНЫЕ НОМЕРА
Идентификатор записи (NLR Aleph) 010584234
100 ## - ДАННЫЕ ОБЩЕЙ ОБРАБОТКИ
Данные общей обработки 20150114d2014 um y0rusy50 ca
101 1# - ЯЗЫК РЕСУРСА
Язык текста, звукозаписи и т.д. русский
Язык оригинала немецкий
102 ## - СТРАНА ПУБЛИКАЦИИ ИЛИ ПРОИЗВОДСТВА
Страна публикации Российская Федерация
105 ## - ПОЛЕ КОДИРОВАННЫХ ДАННЫХ: ТЕКСТОВЫЕ МАТЕРИАЛЫ, МОНОГРАФИЧЕСКИЕ
Кодированные данные о монографическом текстовом документе y|||z|||001yy
200 1# - ЗАГЛАВИЕ И СВЕДЕНИЯ ОБ ОТВЕТСТВЕННОСТИ
Основное заглавие Верховное командование 1914-1916 годов в его важнейших решениях
Первые сведения об ответственности Эрих фон Фалькенгайн
Последующие сведения об ответственности [пер. с нем. и предисл. А.Е. Снесарева
-- вступ. ст. и науч. ред. Л.В. Ланника
-- примеч. А.Е. Снесарева и Л.В. Ланника]
210 ## - ПУБЛИКАЦИЯ, РАСПРОСТРАНЕНИЕ И ДР.
Место издания, распространения и т.д. Москва
Имя издателя, распространителя и т. д. Кучково поле
-- Мегаполис
Дата издания, распространения и т.д. 2014
215 ## - ФИЗИЧЕСКАЯ ХАРАКТЕРИСТИКА
Специфическое обозначение материала и объем 334 [1] с.
Размеры 21
225 1# - СЕРИЯ
Основное заглавие серии Военные мемуары
300 ## - ОБЩИЕ ПРИМЕЧАНИЯ
Текст примечания Загл. и авт. ориг.: Die Oberste Heeresleitung, 1914-1916: In ihren wichtigsten Entschlieβungen / Erich von Falkenhayn
320 ## - ПРИМЕЧАНИЯ О НАЛИЧИИ В ДОКУМЕНТЕ БИБЛИОГРАФИИ / УКАЗАТЕЛЯ
Текст примечания Библиогр. в подстроч. примеч.
454 #1 - ОРИГИНАЛ (ПЕРЕВОДА)
Встроенное поле 2001#$aDie Oberste Heeresleitung, 1914-1916: In ihren wichtigsten Entschlieβungen
-- 700#1$aFalkenhayn$bE.v.$f1861-1922$gErich von
Заглавие Die Oberste Heeresleitung, 1914-1916: In ihren wichtigsten Entschlieβungen
Автор Falkenhayn, Erich von (1861-1922)
600 #1 - ИМЯ ЛИЦА КАК ПРЕДМЕТ
Начальный элемент ввода Фалькенхайн
Часть имени, кроме начального элемента ввода Э. фон
Даты 1861 - 1922
Расширение инициалов личного имени Эрих фон
Формальный подзаголовок Воспоминания, записки и т.п
Системный номер авторитетной/нормативной записи 1318337
Идентификатор авторитетной/нормативной записи RU\NLR\AUTH\66231394
601 01 - НАИМЕНОВАНИЕ ОРГАНИЗАЦИИ КАК ПРЕДМЕТ
Начальный элемент ввода Германия
Структурное подразделение организации Генеральный штаб
Формальный подзаголовок Воспоминания, записки и т.п
Тематический подзаголовок История
Хронологический подзаголовок 1914 - 1916
Системный номер авторитетной/нормативной записи 2213962
Идентификатор авторитетной/нормативной записи RU\NLR\AUTH\6601563465
606 1# - НАИМЕНОВАНИЕ ТЕМЫ КАК ПРЕДМЕТ
Наименование темы Первая мировая война
Формальный подзаголовок Воспоминания, записки и т.п
Тематический подзаголовок Военные операции
Хронологический подзаголовок 1914 - 1918
-- 1914 - 1916
Системный номер авторитетной/нормативной записи 2213974
Идентификатор авторитетной/нормативной записи RU\NLR\AUTH\6601563470
686 1# - ИНДЕКСЫ ДРУГИХ КЛАССИФИКАЦИЙ
Индекс Ц4,8(4Г)243дФалькенхайн
686 1# - ИНДЕКСЫ ДРУГИХ КЛАССИФИКАЦИЙ
Индекс Ц4,8(4Г)221.1г,013
686 1# - ИНДЕКСЫ ДРУГИХ КЛАССИФИКАЦИЙ
Индекс Ц35(0)532.2,013
686 1# - ИНДЕКСЫ ДРУГИХ КЛАССИФИКАЦИЙ
Индекс Ц35(2)523,013
686 1# - ИНДЕКСЫ ДРУГИХ КЛАССИФИКАЦИЙ
Индекс Т3(0)532,013
700 #1 - ИМЯ ЛИЦА - ПЕРВИЧНАЯ ОТВЕТСТВЕННОСТЬ
Начальный элемент ввода Фалькенгайн
Часть имени, кроме начального элемента ввода Э. ф.
Даты 1861-1922
Расширение инициалов личного имени Эрих фон
801 #0 - ИСТОЧНИК ЗАПИСИ
Страна Российская Федерация
Организация РГБ
Дата составления 20141120
Правила каталогизации RCR
801 #1 - ИСТОЧНИК ЗАПИСИ
Страна Российская Федерация
Организация РГБ
Дата составления 20141120
Источник данных rusmarc
942 ## - ДОПОЛНИТЕЛЬНЫЕ ЭЛЕМЕНТЫ ЗАПИСИ (АБИС)
Тип экземпляра АБИС Книга
980 ## - КОЛЛЕКЦИЯ
Название коллекции НБР

Нет доступных экземпляров.